000 00256nam a22001097a 4500
003 SGT
100 _aJAIN, M. L.
245 _aADVANCED CALCULUS BA/ BSc.-2 SEM-3
260 _aNEW DELHI
_bJEEVANSONS PUBLICATION
_c2016
300 _aV.P.
942 _2ddc
_cFPS
_01
999 _c10087
_d10087